LEADER 01176nam a2200313 i 4500 001 991001110179707536 005 20020507111417.0 008 970308s1965 us ||| | eng 020 $a0805309381 035 $ab10175064-39ule_inst 035 $aLE00642324$9ExL 040 $aDip.to Fisica$bita 084 $a53.2.66 084 $a535.5 084 $aQC355 100 1 $aBloembergen, N.$044969 245 10$aNonlinear optics :$ba lecture note and reprint volume /$cN. Bloembergen 260 $aReading, MA :$bBenjamin/Cummings Publ. Co.,$c1965 300 $axiii, 222 p. ;$c24 cm. 490 0 $aFrontiers in physics. A, Lecture note and reprint series ;$v21 500 $aIncludes bibliographical references. 650 4$aNonlinear optics 907 $a.b10175064$b17-02-17$c27-06-02 912 $a991001110179707536 945 $aLE006 53.2.4 BLO$g1$i2006000074124$lle006$o-$pE0.00$q-$rl$s- $t0$u0$v0$w0$x0$y.i10214446$z27-06-02 945 $aLE006 53.2.4 BLO$g1$i2006000074384$lle006$o-$pE0.00$q-$rl$s- $t0$u1$v0$w1$x0$y.i10214458$z27-06-02 996 $aNonlinear optics$9189441 997 $aUNISALENTO 998 $ale006$b01-01-97$cm$da $e-$feng$gus $h0$i2 LEADER 01627nam 2200421 450 001 9910713856703321 005 20200831151206.0 035 $a(CKB)5470000002505126 035 $a(OCoLC)1191844359 035 $a(EXLCZ)995470000002505126 100 $a20200831d2020 ua 0 101 0 $aeng 135 $aur||||||||||| 181 $ctxt$2rdacontent 182 $cc$2rdamedia 183 $acr$2rdacarrier 200 10$a2020 census: recent decision to compress census timeframe poses additional risks to an accurate count $ea report to congressional requesters 210 1$aWashington, DC :$cU.S. Government Accountability Office,$d2020. 215 $a1 online resource (ii, 20 pages) $ccolor illustrations 300 $a"August 2020." 300 $a"GAO-20-671R." 320 $aIncludes bibliographical references. 517 $a2020 census 606 $aCOVID-19 (Disease)$xPolitical aspects$zUnited States 606 $aCensus takers (Persons)$xRecruiting$zUnited States 606 $aComputer networks$xSecurity measures$zUnited States 607 $aUnited States$xCensus, 2020$xPlanning 607 $aUnited States$xCensus, 2020$xCost effectiveness 607 $aUnited States$xCensus, 2020$xData processing 615 0$aCOVID-19 (Disease)$xPolitical aspects 615 0$aCensus takers (Persons)$xRecruiting 615 0$aComputer networks$xSecurity measures 801 0$bGPO 801 1$bGPO 906 $aBOOK 912 $a9910713856703321 996 $a2020 census: recent decision to compress census timeframe poses additional risks to an accurate count$93507353 997 $aUNINA